[Event "Mondiale Lampo FIDE 2022"]
[Site "Alma Ata"]
[Date "29.12.2022"]
[Round "1.13"]
[White "Ganguly, Surya Shekhar"]
[Black "Martirosyan, Haik M"]
[Result "1-0"]
[WhiteElo "2582"]
[BlackElo "2682"]
[PlyCount "81"]
[EventDate "29.12.2022"]

1. e4 e5 2. Nf3 Nc6 3. d4 exd4 4. Nxd4 Bc5 5. Nb3 Bb4+ 6. c3 Be7 7. f4 d6 8.
Bd3 Nf6 9. O-O O-O 10. h3 a5 11. Be3 Re8 12. N1d2 Bf8 13. Nd4 Nd7 14. Bc2 g6
15. Qf3 Bg7 16. Rad1 a4 17. a3 Qe7 18. Rfe1 Nf8 19. Bf2 Ne6 20. Nc4 Qf6 21.
Nxc6 bxc6 22. Bg3 Qe7 23. e5 d5 24. Ne3 Nc5 25. c4 dxc4 26. f5 Qf8 27. Nxc4
Bxf5 28. Bxf5 gxf5 29. Qxf5 Re6 30. Ne3 Rg6 31. Ng4 Ne6 32. Kh2 Rg5 33. Qf3 c5
34. Rd7 Nd4 35. Qf4 Ne6 36. Qe4 Re8 37. Rf1 Rg6 38. Qd5 h5 39. Ne3 c6 40. Qc4
Nd4 41. Rfxf7 1-0

[Event "Mondiale Lampo FIDE 2022"]
[Site "Alma Ata"]
[Date "29.12.2022"]
[Round "2.53"]
[White "Martirosyan, Haik M"]
[Black "Narayanan, Srinath"]
[Result "1-0"]
[WhiteElo "2682"]
[BlackElo "2559"]
[PlyCount "59"]
[EventDate "29.12.2022"]

1. d4 d5 2. c4 dxc4 3. Nf3 Nf6 4. e3 e6 5. Bxc4 c5 6. O-O a6 7. b3 cxd4 8. Nxd4
Bd6 9. Bb2 e5 10. Nf3 Nc6 11. Nc3 O-O 12. h3 h6 13. Nd2 Bc7 14. Qe2 Bf5 15.
Rfd1 Qe7 16. Qf3 Bc2 17. Rdc1 Bh7 18. Nde4 Nxe4 19. Nxe4 Rad8 20. a4 Nb4 21.
Ng3 e4 22. Qh5 Bxg3 23. fxg3 Nd3 24. Ba3 Qe8 25. Rf1 Ne5 26. Bxf8 Nxc4 27. Bxg7
Nxe3 28. Bxh6 Nxf1 29. Qg5+ Bg6 30. Qf6 1-0

[Event "Mondiale Lampo FIDE 2022"]
[Site "Alma Ata"]
[Date "29.12.2022"]
[Round "3.29"]
[White "Yakubboev, Nodirbek"]
[Black "Martirosyan, Haik M"]
[Result "0-1"]
[WhiteElo "2647"]
[BlackElo "2682"]
[PlyCount "52"]
[EventDate "29.12.2022"]

1. c4 e5 2. g3 Nf6 3. Bg2 d5 4. cxd5 Nxd5 5. Nf3 Nc6 6. O-O Nb6 7. b3 Be7 8.
Bb2 f6 9. Qc2 Nb4 10. Qc1 c5 11. Nc3 O-O 12. Ne4 Bf5 13. d3 Rc8 14. Rd1 Be6 15.
h4 Qd7 16. h5 h6 17. Nh4 f5 18. Nd2 Bxh4 19. gxh4 Qe7 20. Nf3 e4 21. Ne5 Bf7
22. dxe4 Bxh5 23. Qf4 fxe4 24. Qxe4 Rce8 25. Rd2 Nc6 26. f4 Qxh4 0-1

[Event "Mondiale Lampo FIDE 2022"]
[Site "Alma Ata"]
[Date "29.12.2022"]
[Round "4.15"]
[White "Martirosyan, Haik M"]
[Black "Jumabayev, Rinat"]
[Result "1-0"]
[WhiteElo "2682"]
[BlackElo "2609"]
[PlyCount "77"]
[EventDate "29.12.2022"]

1. d4 Nf6 2. c4 e6 3. Nf3 Bb4+ 4. Bd2 c5 5. Bxb4 cxb4 6. g3 b6 7. Bg2 Bb7 8.
O-O O-O 9. Qd3 d6 10. Nbd2 Qe7 11. Rfd1 Re8 12. Nh4 g6 13. Bxb7 Qxb7 14. e4 e5
15. Re1 Nc6 16. Nhf3 Rac8 17. Rac1 Kg7 18. h3 h6 19. d5 Nb8 20. a3 Na6 21. Qe3
Qd7 22. Kg2 Rc7 23. Ra1 b5 24. b3 Rb8 25. axb4 Nxb4 26. Qc3 bxc4 27. Nxc4 Rcb7
28. Nfd2 Qc7 29. Rec1 Rb5 30. Qe3 Rc5 31. Nf3 Nd7 32. h4 h5 33. Qg5 Nf6 34. Qe3
Ng4 35. Qd2 Nf6 36. Ng5 Rbb5 37. Rf1 Qe7 38. f4 Ng4 39. fxe5 1-0

[Event "Mondiale Lampo FIDE 2022"]
[Site "Alma Ata"]
[Date "29.12.2022"]
[Round "5.9"]
[White "Sargsyan, Shant"]
[Black "Martirosyan, Haik M"]
[Result "0-1"]
[WhiteElo "2645"]
[BlackElo "2682"]
[PlyCount "108"]
[EventDate "29.12.2022"]

1. d4 Nf6 2. c4 e6 3. Nf3 d5 4. g3 Bb4+ 5. Bd2 Be7 6. Bg2 O-O 7. O-O Nbd7 8.
Qc2 Ne4 9. Bf4 c6 10. Nc3 f5 11. Ne5 Nxe5 12. Bxe5 Nd6 13. b3 dxc4 14. e4 cxb3
15. Qxb3 Nf7 16. exf5 Nxe5 17. dxe5 Qb6 18. fxe6 Qxb3 19. axb3 Bxe6 20. Ne2 Bg4
21. Ra2 a5 22. h3 Bh5 23. Nf4 Bf7 24. e6 Be8 25. Rd1 g5 26. Nd3 Rf6 27. Re1 Bg6
28. Be4 Bf5 29. Bxf5 Rxf5 30. Ne5 Rf6 31. Nc4 Bb4 32. Re5 h6 33. Kg2 b5 34. Nb6
Re8 35. Rae2 Bd6 36. R5e4 Kg7 37. Nd7 Rf5 38. Rc2 c5 39. Rd2 Be7 40. Ne5 h5 41.
Nc6 Bf6 42. Rd7+ Kg6 43. Nxa5 Bd4 44. f4 gxf4 45. gxf4 Rf6 46. Nc6 Bc3 47. Ne7+
Kh6 48. Nd5 Rg6+ 49. Kf1 Bd4 50. f5 Rg1+ 51. Ke2 Reg8 52. Nf4 Rb1 53. e7 Rb2+
54. Kd3 Rg3+ 0-1

[Event "Mondiale Lampo FIDE 2022"]
[Site "Alma Ata"]
[Date "29.12.2022"]
[Round "6.3"]
[White "Martirosyan, Haik M"]
[Black "Giri, Anish"]
[Result "0-1"]
[WhiteElo "2682"]
[BlackElo "2764"]
[PlyCount "98"]
[EventDate "29.12.2022"]

1. d4 Nf6 2. c4 g6 3. Nf3 Bg7 4. g3 O-O 5. Bg2 c6 6. O-O d5 7. a4 a5 8. Bf4 Na6
9. cxd5 cxd5 10. Nc3 Bf5 11. Nh4 Be6 12. Rc1 Rc8 13. Nb5 Qb6 14. Qb3 Rc6 15.
Nf3 Rfc8 16. Ng5 Rxc1 17. Rxc1 Rxc1+ 18. Bxc1 Qc6 19. Bd2 Bd7 20. Nf3 Ne4 21.
Bxa5 Qc1+ 22. Be1 Bg4 23. Qe3 Qxb2 24. h3 Bd7 25. Nc3 Bc6 26. a5 Qa1 27. Kh2 e6
28. Qd3 Qxa5 29. Ne5 Nxc3 30. Bxc3 Qa3 31. Qd2 Bb5 32. e4 Bc6 33. exd5 Bxd5 34.
Bxd5 exd5 35. Nd3 Qd6 36. Qb2 Qc6 37. Bd2 Nc7 38. Ne5 Bxe5 39. dxe5 h5 40. Qa3
Ne6 41. Qd6 Qxd6 42. exd6 Kf8 43. f3 Ke8 44. g4 Kd7 45. gxh5 gxh5 46. Kg3 Nd4
47. Bc3 Ne2+ 48. Kh4 Nxc3 49. Kxh5 d4 0-1

[Event "Mondiale Lampo FIDE 2022"]
[Site "Alma Ata"]
[Date "29.12.2022"]
[Round "7.13"]
[White "Tang, Andrew"]
[Black "Martirosyan, Haik M"]
[Result "0-1"]
[WhiteElo "2540"]
[BlackElo "2682"]
[PlyCount "245"]
[EventDate "29.12.2022"]

1. d4 Nf6 2. Nf3 d5 3. Bf4 c5 4. e3 Nc6 5. Nbd2 cxd4 6. exd4 a6 7. c3 Bf5 8.
Be2 e6 9. Nh4 Be4 10. Nxe4 dxe4 11. g3 Nd5 12. Bc1 Be7 13. Ng2 O-O 14. O-O Bg5
15. Qc2 f5 16. f3 Rc8 17. Qd1 Bxc1 18. Rxc1 Qg5 19. fxe4 fxe4 20. Bc4 b5 21.
Bxd5 exd5 22. Nf4 Rf6 23. Qh5 Qxh5 24. Nxh5 Rd6 25. Nf4 g6 26. Ng2 Na5 27. Ne3
Nc4 28. Nxc4 bxc4 29. Rc2 Rb6 30. Kf2 Rcb8 31. Rb1 Rf8+ 32. Kg2 Rfb8 33. Kf2 a5
34. Ke3 a4 35. a3 Rb3 36. Kf4 Re8 37. Re1 Kf7 38. Ree2 h6 39. Rf2 Ke6 40. Ke3
Reb8 41. Rcd2 R3b7 42. Rc2 Rf7 43. Rxf7 Kxf7 44. Rf2+ Ke6 45. h3 h5 46. Rg2 Rf8
47. Rf2 Rb8 48. Rg2 Rb7 49. Rf2 Rh7 50. Rf4 Rb7 51. Rf2 Rb8 52. Rg2 Rg8 53. Rf2
g5 54. Ke2 Rg6 55. Ke3 Rg7 56. Ke2 Rb7 57. Ke3 Rb8 58. Rg2 Kf5 59. Rf2+ Kg6 60.
Rg2 Rb7 61. Rf2 Rb6 62. Rg2 g4 63. hxg4 hxg4 64. Kf4 Rf6+ 65. Kxg4 Rf1 66. Rh2
Kf6 67. Rh6+ Ke7 68. Rh5 Kd6 69. Rh6+ Kd7 70. Rh7+ Ke6 71. Rh6+ Kf7 72. Rh5 Ke6
73. Rh6+ Rf6 74. Rh5 Rf2 75. Rh6+ Rf6 76. Rh2 Kd6 77. Kg5 Rf3 78. g4 e3 79. Re2
Ke6 80. Kg6 Rh3 81. Kg5 Rf3 82. Kg6 Ke7 83. Re1 Kd7 84. Kg5 Ke6 85. Re2 Kd6 86.
Kg6 Kd7 87. Kh5 Ke7 88. Kg5 Ke6 89. Re1 Kd6 90. Re2 Rf2 91. Rxe3 Rxb2 92. Kf6
Rf2+ 93. Kg6 Ra2 94. g5 Rxa3 95. Kf7 Ra1 96. Re6+ Kd7 97. Ra6 Rf1+ 98. Kg8 Rf3
99. g6 Rxc3 100. Rxa4 Rd3 101. Ra7+ Ke6 102. Ra6+ Kf5 103. Kf7 Ke4 104. g7 Rf3+
105. Rf6 Rg3 106. Rg6 Rxg6 107. Kxg6 c3 108. g8=Q Kxd4 109. Kf5 Kd3 110. Qg3+
Kc4 111. Qf4+ Kd3 112. Ke5 Kc2 113. Kd4 Kb2 114. Qe3 c2 115. Qc3+ Kb1 116. Qb3+
Ka1 117. Qa3+ Kb1 118. Qd3 Ka1 119. Qa6+ Kb2 120. Qb5+ Ka1 121. Qa4+ Kb2 122.
Qb4+ Ka1 123. Qb3 0-1

[Event "Mondiale Lampo FIDE 2022"]
[Site "Alma Ata"]
[Date "29.12.2022"]
[Round "8.9"]
[White "Martirosyan, Haik M"]
[Black "Petrov, Nikita"]
[Result "1-0"]
[WhiteElo "2682"]
[BlackElo "2537"]
[PlyCount "109"]
[EventDate "29.12.2022"]

1. d4 Nf6 2. c4 e6 3. Nf3 d5 4. Nc3 Nbd7 5. cxd5 exd5 6. Bg5 h6 7. Bh4 Be7 8.
e3 O-O 9. Bd3 c6 10. Qc2 Re8 11. O-O Ne4 12. Bxe4 Bxh4 13. Bh7+ Kh8 14. Bd3 Be7
15. Rae1 Kg8 16. h3 Bd6 17. e4 dxe4 18. Nxe4 Bf8 19. Ng3 Nf6 20. Bc4 Nd5 21. a3
Be6 22. Ba2 Qc7 23. Ne5 Rad8 24. Bb1 Nf6 25. Nh5 Be7 26. Ng4 Qd6 27. f4 Kf8 28.
Ngxf6 Bxf6 29. Nxf6 Qxd4+ 30. Kh1 Qxf6 31. Qh7 g6 32. Qxh6+ Qg7 33. Qh4 Bd5 34.
Re5 Rxe5 35. fxe5 Re8 36. Re1 Kg8 37. Qf4 Re6 38. Kh2 Qf8 39. Rf1 Qe7 40. Re1
Kg7 41. Bd3 Qc7 42. b4 a6 43. h4 Qe7 44. Re3 Qd8 45. h5 gxh5 46. Rg3+ Kf8 47.
Bf5 h4 48. Rg4 Qe7 49. Bxe6 Qxe6 50. Rxh4 Qg6 51. Qg3 Qf5 52. Rh8+ Ke7 53. Qh4+
f6 54. exf6+ Qxf6 55. Re8+ 1-0

[Event "Mondiale Lampo FIDE 2022"]
[Site "Alma Ata"]
[Date "29.12.2022"]
[Round "9.7"]
[White "Daneshvar, Bardiya"]
[Black "Martirosyan, Haik M"]
[Result "0-1"]
[WhiteElo "2500"]
[BlackElo "2682"]
[PlyCount "112"]
[EventDate "29.12.2022"]

1. d4 Nf6 2. c4 e6 3. Nf3 d5 4. Nc3 Nbd7 5. cxd5 exd5 6. Bf4 c6 7. e3 Nh5 8.
Bg5 Be7 9. Bxe7 Qxe7 10. Be2 O-O 11. O-O g6 12. a3 Ng7 13. b4 a6 14. Na4 Nf5
15. Nc5 Nd6 16. Nd2 Nf6 17. a4 Bf5 18. a5 h5 19. Re1 Kg7 20. Bf1 Rfe8 21. f3
Rad8 22. Qe2 Bc8 23. Qf2 Nf5 24. Bd3 Nh6 25. h3 Qd6 26. Qh4 Nh7 27. Kf2 Re7 28.
Re2 Rde8 29. Rae1 Bf5 30. Qf4 Qf6 31. Nf1 g5 32. Qh2 h4 33. Kg1 Nf8 34. Kh1
Bxd3 35. Nxd3 Ng6 36. Nf2 Re6 37. Ng4 Qe7 38. Nxh6 Kxh6 39. Rb1 Kg7 40. Qg1 Qf6
41. Nd2 Nf4 42. Ree1 Nh5 43. Qf2 Ng3+ 44. Kg1 Nf5 45. Nf1 Qe7 46. e4 dxe4 47.
fxe4 Rxe4 48. Rxe4 Qxe4 49. Rc1 Qxd4 50. Rc5 Qxf2+ 51. Kxf2 Kg6 52. Nd2 Ng3 53.
Kf3 Rd8 54. Nc4 f6 55. Ke3 Re8+ 56. Kf3 Ne4 0-1

[Event "Mondiale Lampo FIDE 2022"]
[Site "Alma Ata"]
[Date "29.12.2022"]
[Round "10.5"]
[White "Martirosyan, Haik M"]
[Black "Bluebaum, Matthias"]
[Result "1-0"]
[WhiteElo "2682"]
[BlackElo "2657"]
[PlyCount "97"]
[EventDate "29.12.2022"]

1. d4 d5 2. c4 e6 3. Nf3 Nf6 4. Nc3 Bb4 5. Bg5 h6 6. Bxf6 Qxf6 7. Qa4+ Nc6 8.
e3 O-O 9. Be2 Bxc3+ 10. bxc3 Bd7 11. Qa3 b6 12. cxd5 exd5 13. c4 dxc4 14. Bxc4
Na5 15. Be2 c5 16. Rd1 cxd4 17. Nxd4 Rac8 18. O-O Rfd8 19. Ba6 Rc5 20. Rc1 Qe5
21. Rfd1 Be8 22. h3 g6 23. Nf3 Rxd1+ 24. Rxd1 Qc7 25. Bd3 Bc6 26. Nd4 Bb7 27.
h4 h5 28. Bf1 Bd5 29. Nb5 Qb8 30. Qb2 Nc4 31. Bxc4 Bxc4 32. Qf6 Rd5 33. Rxd5
Bxd5 34. a4 a6 35. Nc3 Ba8 36. e4 Qc7 37. Nd5 Bxd5 38. exd5 Qc1+ 39. Kh2 Qd2
40. d6 b5 41. axb5 axb5 42. f3 b4 43. Qe7 Qf4+ 44. Kh3 Qf5+ 45. Kg3 Qc5 46.
Qe8+ Kg7 47. d7 Qd6+ 48. Kh3 Qd1 49. d8=Q 1-0

[Event "Mondiale Lampo FIDE 2022"]
[Site "Alma Ata"]
[Date "29.12.2022"]
[Round "12.5"]
[White "Lazavik, Denis"]
[Black "Martirosyan, Haik M"]
[Result "0-1"]
[WhiteElo "2537"]
[BlackElo "2682"]
[PlyCount "66"]
[EventDate "29.12.2022"]

1. d4 Nf6 2. c4 e6 3. Nf3 d5 4. g3 Bb4+ 5. Bd2 Be7 6. Bg2 O-O 7. O-O Nbd7 8.
Qc2 Ne4 9. Bf4 c6 10. Nc3 f5 11. Rad1 Nd6 12. b3 Nf7 13. cxd5 exd5 14. Qxf5
Nde5 15. Qc2 Ng6 16. Bc1 Nd6 17. Ba3 Bf5 18. Qc1 Bf6 19. Rfe1 Re8 20. e3 Qd7
21. Ne2 a5 22. Nc3 Ne4 23. Na4 Qf7 24. Nd2 Ng5 25. f3 Nh3+ 26. Bxh3 Bxh3 27.
Nc5 Nh4 28. Qc3 Rad8 29. Re2 Nf5 30. Nf1 b6 31. Na6 Qb7 32. g4 Qxa6 33. Rdd2
Nxd4 0-1

[Event "Mondiale Lampo FIDE 2022"]
[Site "Alma Ata"]
[Date "30.12.2022"]
[Round "14.6"]
[White "Martirosyan, Haik M"]
[Black "Keymer, Vincent"]
[Result "0-1"]
[WhiteElo "2682"]
[BlackElo "2698"]
[PlyCount "66"]
[EventDate "2022.??.??"]

1. d4 d5 2. c4 e6 3. Nf3 Nf6 4. Nc3 Be7 5. Bg5 h6 6. Bh4 O-O 7. e3 b6 8. Bd3
Bb7 9. O-O Nbd7 10. Qe2 a6 11. cxd5 Nxd5 12. Nxd5 Bxd5 13. Bxe7 Qxe7 14. Bxa6
Bxf3 15. gxf3 e5 16. dxe5 Nxe5 17. f4 Rxa6 18. fxe5 Rfa8 19. a3 Qxe5 20. Rad1
Ra4 21. Rd2 Qg5+ 22. Kh1 Qf6 23. Rfd1 Qc6+ 24. Rd5 Qf6 25. R1d4 Rxd4 26. Rxd4
Re8 27. Rd2 Qc6+ 28. Kg1 Re6 29. f3 Qc5 30. Rd8+ Kh7 31. Rd3 Qc1+ 32. Kf2 Qh1
33. e4 Qg1+ 0-1

[Event "Mondiale Lampo FIDE 2022"]
[Site "Alma Ata"]
[Date "30.12.2022"]
[Round "16.3"]
[White "Martirosyan, Haik M"]
[Black "Fedoseev, Vladimir3"]
[Result "1-0"]
[WhiteElo "2682"]
[BlackElo "2688"]
[PlyCount "125"]
[EventDate "29.12.2022"]

1. d4 d5 2. c4 e6 3. Nf3 Nf6 4. Nc3 c6 5. Bg5 h6 6. Bxf6 Qxf6 7. e3 Nd7 8. Bd3
dxc4 9. Bxc4 g6 10. O-O Bg7 11. Ne4 Qe7 12. Qc2 O-O 13. Bb3 Kh7 14. Rfd1 e5 15.
Ng3 f5 16. dxe5 Nxe5 17. Nxe5 Qxe5 18. Rd2 a5 19. Rad1 Bf6 20. Ne2 Ra6 21. Nf4
Rb6 22. Nd3 Qe7 23. Nc5 Rb5 24. Nd7 Re8 25. Bc4 Re5 26. Nxe5 Bxe5 27. g3 h5 28.
h4 Kh6 29. Bf1 Be6 30. Bg2 Qb4 31. b3 Qe7 32. Rd3 Rg8 33. Qd2 Kh7 34. Qxa5 Bf6
35. Bh3 Bd5 36. Bg2 Be6 37. f4 Kh6 38. Kh2 Re8 39. Re1 Bc8 40. e4 Bxh4 41. gxh4
Qxh4+ 42. Kg1 fxe4 43. Qg5+ Qxg5 44. fxg5+ Kxg5 45. Rxe4 Rf8 46. Bh3 Bxh3 47.
Rxh3 Rd8 48. Re2 Rd5 49. Rg3+ Kf6 50. Rf2+ Kg7 51. Rfg2 Rd6 52. Kh2 Kh6 53. b4
b5 54. a3 Re6 55. Rc3 h4 56. Rgc2 Kh5 57. Rxc6 Re1 58. R6c5+ Kh6 59. Rxb5 Re3
60. Rg2 Rxa3 61. Rb6 Kh5 62. Rbxg6 Rh3+ 63. Kg1 1-0

[Event "Mondiale Lampo FIDE 2022"]
[Site "Alma Ata"]
[Date "30.12.2022"]
[Round "17.2"]
[White "Nepomniachtchi, Ian"]
[Black "Martirosyan, Haik M"]
[Result "1/2-1/2"]
[WhiteElo "2793"]
[BlackElo "2682"]
[PlyCount "112"]
[EventDate "29.12.2022"]

1. e4 e5 2. Nf3 Nc6 3. Bb5 Nf6 4. O-O Nxe4 5. Re1 Nd6 6. Nxe5 Be7 7. Bf1 Nxe5
8. Rxe5 O-O 9. Nc3 Ne8 10. Nd5 Bd6 11. Re1 c6 12. Ne3 Bc7 13. Nf5 Nf6 14. Ne7+
Kh8 15. Nxc8 Qxc8 16. d3 d5 17. Qf3 Re8 18. Bd2 Qg4 19. Qxg4 Nxg4 20. g3 Kg8
21. h3 Nf6 22. Kg2 Bd6 23. a4 Rxe1 24. Rxe1 Re8 25. Rxe8+ Nxe8 26. b4 Nc7 27.
c4 a6 28. f4 f5 29. Be2 Kf7 30. Bd1 g6 31. Kf3 Ke6 32. Bb3 Be7 33. g4 Bf6 34.
Be3 Be7 35. Bd2 Bf6 36. Be1 Bd4 37. Bh4 Bc3 38. Bd8 Kd7 39. Bxc7 Kxc7 40. cxd5
cxd5 41. Bxd5 Bxb4 42. gxf5 gxf5 43. Be6 h6 44. Bxf5 Bd2 45. Ke4 b5 46. axb5
axb5 47. Be6 Kd6 48. Ba2 Bc1 49. d4 Bd2 50. Bb3 Bc1 51. h4 Bd2 52. f5 Be1 53.
f6 h5 54. Kf5 Bxh4 55. Bd1 Kd5 56. Bxh5 Bxf6 1/2-1/2

[Event "Mondiale Lampo FIDE 2022"]
[Site "Alma Ata"]
[Date "30.12.2022"]
[Round "18.3"]
[White "Martirosyan, Haik M"]
[Black "Artemiev, Vladislav"]
[Result "1/2-1/2"]
[WhiteElo "2682"]
[BlackElo "2701"]
[PlyCount "154"]
[EventDate "29.12.2022"]

1. d4 Nf6 2. c4 e6 3. Nf3 d5 4. Nc3 Nbd7 5. cxd5 exd5 6. Bg5 c6 7. e3 h6 8. Bh4
Be7 9. Bd3 O-O 10. Qc2 Re8 11. O-O Ne4 12. Bxe4 Bxh4 13. Bh7+ Kh8 14. Bd3 Be7
15. Rae1 Kg8 16. h3 Bf8 17. a3 a5 18. Re2 b5 19. e4 b4 20. Na4 dxe4 21. Rxe4
bxa3 22. bxa3 Ba6 23. Rxe8 Qxe8 24. Re1 Qd8 25. Bxa6 Rxa6 26. Qc4 Ra8 27. Re3
Rc8 28. g3 Nf6 29. Ne5 Qd5 30. Nb6 Qxc4 31. Nbxc4 c5 32. d5 Nxd5 33. Rd3 Nf6
34. Nxa5 c4 35. Naxc4 Bc5 36. Kg2 Rb8 37. a4 Rb4 38. a5 Ra4 39. Rd2 Ne4 40. Re2
Nc3 41. Rc2 Ne4 42. Nd3 Bd4 43. g4 g6 44. f3 Nc3 45. Ndb2 Ra2 46. Rd2 Bf6 47.
f4 Ne4 48. Re2 Nc5 49. Kf3 Nb3 50. Re8+ Kg7 51. Rb8 Nxa5 52. Nxa5 Rxa5 53. Rb3
Rd5 54. Nd3 Be7 55. Nf2 f5 56. gxf5 Rxf5 57. Rb7 Rf7 58. Ng4 g5 59. Ne5 Rxf4+
60. Ke3 Kf6 61. Ng4+ Ke6 62. Rb6+ Bd6 63. Nxh6 Kd5 64. Rb3 Bc5+ 65. Ke2 Rf2+
66. Ke1 Ra2 67. Ng4 Bd4 68. Kf1 Ke4 69. Ke1 Rc2 70. Kf1 Bc3 71. Nf2+ Kf4 72.
Rb7 Bd4 73. Rf7+ Ke3 74. Re7+ Kf3 75. Rf7+ Kg3 76. Ne4+ Kxh3 77. Nxg5+ Kg4
1/2-1/2

[Event "Mondiale Lampo FIDE 2022"]
[Site "Alma Ata"]
[Date "30.12.2022"]
[Round "19.2"]
[White "Duda, Jan-Krzysztof"]
[Black "Martirosyan, Haik M"]
[Result "1-0"]
[WhiteElo "2729"]
[BlackElo "2682"]
[PlyCount "91"]
[EventDate "29.12.2022"]

1. e4 e5 2. Nf3 Nc6 3. Bb5 Nf6 4. d3 Bc5 5. c3 O-O 6. O-O d5 7. exd5 Qxd5 8.
Bc4 Qd8 9. Bg5 e4 10. dxe4 Qxd1 11. Rxd1 Nxe4 12. Bh4 Bg4 13. Nbd2 Nxd2 14.
Rxd2 Bxf3 15. gxf3 Ne5 16. Be2 Rfe8 17. Rad1 h6 18. Bg3 Bd6 19. Kf1 a5 20. a4
f5 21. Rd5 g6 22. Rb5 Nf7 23. f4 b6 24. Rbd5 Kg7 25. h4 h5 26. Bb5 Re7 27. f3
Rc8 28. R5d3 Kf8 29. Rd4 Bc5 30. R4d2 Bd6 31. Bc4 Kg7 32. Rd4 Rf8 33. Re1 Rxe1+
34. Bxe1 Re8 35. Bd2 Nd8 36. Bd5 Be7 37. b4 axb4 38. cxb4 Bxh4 39. a5 Bf6 40.
Rc4 bxa5 41. Rxc7+ Kh6 42. bxa5 Ne6 43. Rc6 Rd8 44. a6 Rxd5 45. a7 Rxd2 46.
a8=Q 1-0

[Event "Mondiale Lampo FIDE 2022"]
[Site "Alma Ata"]
[Date "30.12.2022"]
[Round "20.2"]
[White "Martirosyan, Haik M"]
[Black "Sarana, Alexey"]
[Result "1-0"]
[WhiteElo "2682"]
[BlackElo "2668"]
[PlyCount "149"]
[EventDate "29.12.2022"]

1. d4 Nf6 2. c4 e6 3. Nf3 d5 4. Nc3 Nbd7 5. cxd5 exd5 6. Bg5 h6 7. Bh4 c6 8. e3
g5 9. Bg3 Nh5 10. Bd3 Nxg3 11. hxg3 Nb6 12. Qc2 Be6 13. Ne5 Bg7 14. f4 Qe7 15.
O-O-O O-O-O 16. Kb1 Kb8 17. Rc1 Rc8 18. Na4 Nxa4 19. Qxa4 c5 20. Qa3 b6 21. Bb5
Qd6 22. Qa4 Rc7 23. Ka1 Rhc8 24. Ba6 Rd8 25. Bb5 Rdc8 26. Ba6 Rd8 27. Rhf1 f6
28. Nd3 c4 29. Nb4 Ka8 30. a3 Bd7 31. Bb5 a5 32. Na2 Bxb5 33. Qxb5 Qc6 34. a4
Qxb5 35. axb5 Re7 36. Rce1 g4 37. f5 h5 38. Rh1 Bh6 39. Rxh5 Rxe3 40. Reh1 Bg5
41. Nc3 Rd3 42. Rh7 Rxd4 43. Rf7 Rd2 44. Rhh7 Be3 45. Ra7+ Kb8 46. Rab7+ Ka8
47. Na4 Rd1+ 48. Ka2 Rd2 49. Ra7+ Kb8 50. Rhb7+ Kc8 51. Re7 Kb8 52. Reb7+ Kc8
53. Nxb6+ Bxb6 54. Rxb6 c3 55. Ra8+ Kc7 56. Rc6+ Kd7 57. Ra7+ Ke8 58. Rxc3 Rd7
59. Re3+ Kd8 60. Rxa5 Rb7 61. Re6 Rxg2 62. Rxf6 Rxg3 63. Rg6 Rf3 64. f6 Kc7 65.
Ra6 Rxb5 66. Rg7+ Kb8 67. Re6 Ra5+ 68. Kb1 Rf1+ 69. Kc2 Rc5+ 70. Kd2 Rc8 71. f7
g3 72. Re8 g2 73. Re1 Rf8 74. Re8+ Kc7 75. Rxf8 1-0

[Event "Mondiale Lampo FIDE 2022"]
[Site "Alma Ata"]
[Date "30.12.2022"]
[Round "21.4"]
[White "Martirosyan, Haik M"]
[Black "Caruana, Fabiano"]
[Result "1-0"]
[WhiteElo "2682"]
[BlackElo "2766"]
[PlyCount "115"]
[EventDate "29.12.2022"]

1. d4 Nf6 2. c4 e6 3. Nf3 d5 4. Nc3 Bb4 5. Bg5 h6 6. Bxf6 Qxf6 7. Qa4+ Nc6 8.
e3 O-O 9. Be2 Bxc3+ 10. bxc3 Bd7 11. Qa3 b6 12. cxd5 exd5 13. c4 dxc4 14. Bxc4
Na5 15. Be2 c5 16. Rd1 Rac8 17. dxc5 Qe7 18. O-O Rxc5 19. Nd4 Rfc8 20. Qb2 Nc4
21. Qb3 b5 22. h3 a5 23. Bg4 Bxg4 24. hxg4 Qg5 25. Nf5 h5 26. Rd7 Re8 27. Rfd1
hxg4 28. Ng3 Qg6 29. Rd8 Rxd8 30. Rxd8+ Kh7 31. Qd1 Ne5 32. Rd5 Qc6 33. Qb1+ g6
34. Rxc5 Qxc5 35. Qe4 Kg7 36. Kh2 b4 37. Qf4 Qd5 38. Ne4 Qe6 39. Nc5 Qf6 40.
Qd4 g5 41. Kg1 Kg6 42. Ne4 Qf5 43. Ng3 Qe6 44. Qd8 Qf6 45. Qxa5 Nc6 46. Qd5 Kh7
47. Ne4 Qg6 48. Nxg5+ Kg7 49. Ne4 Qe6 50. Qg5+ Qg6 51. Qf4 Nd8 52. Qe5+ Kf8 53.
Qc5+ Kg7 54. Qxb4 Ne6 55. Qc3+ Kf8 56. Qe5 Ke7 57. a4 Qg8 58. Qd6+ 1-0